1740 1351 1530 1507 1767 1132 1833 1880 1969 1165 1327 1889 1160 1984 1373 1443 1027 1107 1184 1771 1806 1347 1319 1568 1691 1124 1642 1688 1902 1360 1148 1388 1597 1733 1108 1732 1407 1552 1306 1013 1854 1014 1151 1298 1373 1328 1461 1698 1211 1838 1935 1234 1649 1067 1908 1954 1220 1257 1670 1424 1213 1566 1469 1732 1695 1000 1138 1971 1022 1744 1120 1691 1665 1712 1504 1378 1888 1392 1207 1036 1692 1531 1273 1619 1541 1225 1060 1002 1865 1059 1850 1086 1382 1093 1602 1492 1166 1125 1526 BCNSPRNW ULIB Ver.6.0+V

เปลี่ยนเป็นภาษาไทย

Change to English
 แสดงรายละเอียดบรรณานุกรม
  กลับหน้าหลัก

Brief Record : Get Marc (ISO 2709) : E-mail record : QR code < ปิดหน้าต่าง
LEADER : 00000nam 2200000uu 4500
001    13399126096
003     ULIB
008    020711s2015 th a 000 0 eng d
020    ^a9781451194319
060    ^aWB115^bL989L
100    ^aPamela Lynn
245    ^aLippincott Photo Atlas of Medication Administration
250    ^a5th ed
260    ^aPhiladelphia :^bWolters Kluwer,^c2015
300    ^a95 pages;^b30 cm
650    ^aMedical^xAdministration
945    ^p125^l0^i005402
945    ^p0^l0^i004120
999    ^aประนอม เกษจรัล
รายการนี้ยังไม่มีแท็ก
คุณยังไม่ได้ล็อกอิน คุณสามารถมีกิจกรรมร่วมกับเว็บไซต์ได้ แต่ต้องล็อกอินก่อน ::
  ล็อกอิน

รายการสื่อสารสนเทศ

ลำดับที่ ประเภท เลขเรียก/บาร์โค้ด สถานที่ สถานะ
1. วิทยาศาสตร์การแพทย์ และสุขภาพ
หนังสือสำรอง
สถานะ=หนังสือสำรอง
WB115 L989L ฉ.1 
  Barcode: 004120
ห้องสมุดวิทยาเขตสวรรค์ประชารักษ์
►หนังสือทั่วไป
บนชั้น
2. วิทยาศาสตร์การแพทย์ และสุขภาพ
วิทยาศาสตร์การแพทย์ และสุขภาพ
WB115 L989L ฉ.2 
  Barcode: 005402
ห้องสมุดวิทยาเขตสวรรค์ประชารักษ์
►หนังสือทั่วไป
บนชั้น

รายการใกล้เคียง
    ชื่อเรื่อง [Lippincott Photo Atlas of Medication Administration]

    ผู้แต่ง [Pamela Lynn]

BibComment


ยังไม่เคยถูกคอมเมนท์

คอมเมนท์ทรัพยากรรายการนี้
  คอมเมนท์: Lippincott Photo..


 Copyright 2026. Bcnsprnw @Library